| 000 | 00484nam a2200181 4500 | ||
|---|---|---|---|
| 020 | _a9789348132475 | ||
| 082 |
_aM5 _bSUK/V |
||
| 100 | _aSukumar Azheekkode | ||
| 245 |
_aVargheeyathayum laharisamskaravum/ _cby Sukumar Azheekkode |
||
| 260 |
_aKozhikkode: _bAtma books, _c2025. |
||
| 300 | _a120p. | ||
| 650 | _aSpeeches Malayalam | ||
| 650 | _aLiterature Malayalam | ||
| 650 | _aLiterature | ||
| 700 | _aGilson John(comp.) | ||
| 700 | _aPaul Manalil(comp.ed.) | ||
| 942 | _cBK | ||
| 999 |
_c181752 _d181752 |
||